| 000 | 00488nam a22001577a 4500 | ||
|---|---|---|---|
| 999 |
_c60594 _d60594 |
||
| 005 | 20230914111631.0 | ||
| 008 | 230914s1982 enk||||| |||| 00| 0 eng d | ||
| 041 | _aeng | ||
| 080 | _a902/904 P25 | ||
| 100 |
_a Paradissis, Alexander _919816 |
||
| 245 |
_aFortresses and castles of Greece : _bVolume II / _c Alexander Paradissis. |
||
| 264 |
_aAthens, _c1982. |
||
| 300 |
_a225 p. : _bill. ; _c18 cm. |
||
| 653 | _aსაბერძნეთის ციხეები | ||
| 942 |
_2udc _cBK |
||